| 000 | 00000nam##2200000za#4500 |
| 001 | 9.679869 |
| 003 | CaOODSP |
| 005 | 20200401054035 |
| 007 | ta |
| 008 | 150407|1996||||xxc||||| f|0| 0 fre|d |
| 020 | |a0-662-81493-2 |
| 040 | |aCaOODSP|bfre |
| 043 | |an-cn--- |
| 086 | 1 |aH68-39/1996F |
| 110 | 1 |aCanada.|bSanté Canada. |bConsei national du bien-être social. |
| 245 | 10|aAméliorer le Régime de pensions du Canada : |brapport du Conseil national du bien-être social |
| 260 | |aOttawa - Ontario : |bSanté Canada. |c1996. |
| 300 | |a41p. : |bgraphiques, références, tableaux ; |c28 cm. |
| 500 | |aSommaire: Avant-propos.--Mythes et réalités.--Financer le Régime de pensions du Canada.--Améliorer le Régime de pensions du Canada et le Régime de rentes du Québec.--Embûches liées au processus de réforme du RPC.--Conclusion et sommaire des recommandations.--Renvois. |
| 563 | |aCouverture souple |
| 590 | |a96-42|b1996-10-18 |
| 775 | 08|tImproving the Canada Pension Plan : |w(CaOODSP)9.646311 |
| 776 | 0#|tAméliorer le Régime de pensions du Canada |w(CaOODSP)9.640700 |